al-Zamakhsharī, (Record no. 49326)

MARC details
000 -LEADER
fixed length control field 00718cam a22002411 4500
001 - CONTROL NUMBER
control field ne 67000153
003 - CONTROL NUMBER IDENTIFIER
control field DLC
005 - DATE AND TIME OF LATEST TRANSACTION
control field 20260227111828.0
008 - FIXED-LENGTH DATA ELEMENTS--GENERAL INFORMATION
fixed length control field 810811s1966 ua b 000 0barar
010 ## - LIBRARY OF CONGRESS CONTROL NUMBER
LC control number ne 67000153
025 ## - OVERSEAS ACQUISITION NUMBER
Overseas acquisition number PL480:UAR-7868
035 ## - SYSTEM CONTROL NUMBER
System control number (OCoLC)7659498
040 ## - CATALOGING SOURCE
Original cataloging agency DLC
Transcribing agency TU
Modifying agency TU
-- OCoLC
-- DLC
042 ## - AUTHENTICATION CODE
Authentication code premarc
050 00 - LIBRARY OF CONGRESS CALL NUMBER
Classification number PJ6064.Z25
Item number H8
100 1# - MAIN ENTRY--PERSONAL NAME
Personal name Ḥūfī, Aḥmad Muḥammad.
245 13 - TITLE STATEMENT
Title al-Zamakhsharī,
Statement of responsibility, etc. taʼlīf Aḥmad Muḥammad al-Ḥūfī.
250 ## - EDITION STATEMENT
Edition statement al-ṭabʻah 1.
260 ## - PUBLICATION, DISTRIBUTION, ETC.
Place of publication, distribution, etc. [al-Qāhirah]
Name of publisher, distributor, etc. Dār al-Fikr al-ʻArabī,
Date of publication, distribution, etc. 1966.
300 ## - PHYSICAL DESCRIPTION
Extent 331 p.
Dimensions 24 cm.
504 ## - BIBLIOGRAPHY, ETC. NOTE
Bibliography, etc. note Bibliography: p. 300-306.
600 10 - SUBJECT ADDED ENTRY--PERSONAL NAME
Personal name Zamakhsharī, Maḥmūd ibn ʻUmar,
Dates associated with a name 1075-1144.

No items available.

Powered by Koha